New Perspective - Noah Kahan (All Lyrics) - Statistics

General Stats
  • This quiz has been taken 73 times
  • The average score is 259 of 295
Answer Stats
Lyrics % Correct
a
100%
and
100%
And
100%
do
100%
I
100%
in
100%
it
100%
new
100%
Oh,
100%
perspective
100%
You
100%
you
100%
your
100%
No
97%
now
97%
Now
97%
the
97%
The
97%
this
97%
to
97%
calling
94%
could
94%
down
94%
me
94%
Target
94%
back
90%
closet
90%
downtown
90%
get
90%
got
90%
intersection
90%
kids,
90%
kids
90%
making
90%
nostalgic
90%
of
90%
on
90%
record
90%
they're
90%
town's
90%
but
87%
clothes
87%
don't
87%
drag
87%
for
87%
gym
87%
is
87%
just
87%
make
87%
my
87%
their
87%
we
87%
were
87%
Wish
87%
apartment
84%
bags
84%
dirt
84%
drunk
84%
hard
84%
If
84%
Ooh,
84%
Paper
84%
probably
84%
road
84%
silence
84%
so
84%
stupid
84%
that
84%
Two
84%
wind
84%
Attention
81%
blows
81%
Central
81%
crash
81%
drift
81%
feel
81%
full
81%
high
81%
like
81%
made
81%
Ohio
81%
Park
81%
something
81%
wherever
81%
all
77%
deficit
77%
even
77%
receipts
77%
rednecks
77%
big
74%
can't
74%
I'd
74%
less
74%
shut
74%
Gave
71%
sizes
71%
doubt
68%
word
68%
mine's
65%
or
65%
pronounce
65%
sure
65%
out
61%
song
61%
thing
58%
fly
55%
our
55%
shirt
55%
state
55%
bird,
52%
sings
52%
key
48%
learn
48%
Liberal
48%
No matching quizzes found
Score Distribution
Percent of People with Each Score
Percentile by Number Answered
Your Score History
You have not taken this quiz